<?xml version="1.0" encoding="UTF-8"?>
<collection xmlns="http://www.loc.gov/MARC21/slim">
 <record>
  <leader>00781pamaa2200193   4500</leader>
  <controlfield tag="001">0000042556</controlfield>
  <controlfield tag="005">20070822090000.0</controlfield>
  <controlfield tag="008">070822                             eng  </controlfield>
  <datafield tag="020" ind1="0" ind2="0">
   <subfield code="a">091191000X (CD-ROM) </subfield>
  </datafield>
  <datafield tag="090" ind1="0" ind2="0">
   <subfield code="a">RS51 </subfield>
   <subfield code="b">MER 2006</subfield>
  </datafield>
  <datafield tag="245" ind1="1" ind2="4">
   <subfield code="a">The Merck index [</subfield>
   <subfield code="m">CD-ROM] : </subfield>
   <subfield code="b">an encyclopedia of chemicals, drugs, and biologicals  </subfield>
   <subfield code="c">Maryadele J. O'Neil, editor ... [et al.].</subfield>
  </datafield>
  <datafield tag="250" ind1="0" ind2="0">
   <subfield code="a">14th ed..</subfield>
  </datafield>
  <datafield tag="260" ind1="0" ind2="0">
   <subfield code="a">Whitehouse Station: </subfield>
   <subfield code="b">N.J.Merck, </subfield>
   <subfield code="c">2006..</subfield>
  </datafield>
  <datafield tag="300" ind1=" " ind2=" ">
   <subfield code="a">1 CD-ROM; </subfield>
   <subfield code="c">4.5 inch.</subfield>
  </datafield>
  <datafield tag="500" ind1="0" ind2="0">
   <subfield code="a">To accompany textbok titled &quot;The Merck index : an encyclopedia of chemicals, drugs, and biologicals by Maryadele J. O'Neil&quot;</subfield>
  </datafield>
  <datafield tag="650" ind1="0" ind2="0">
   <subfield code="a">Drugs -- </subfield>
   <subfield code="x">Dictionaries </subfield>
  </datafield>
  <datafield tag="650" ind1="0" ind2="0">
   <subfield code="a">Chemicals -- </subfield>
   <subfield code="x">Dictionaries </subfield>
  </datafield>
  <datafield tag="650" ind1="0" ind2="0">
   <subfield code="a">Biomolecules -- </subfield>
   <subfield code="x">Dictionaries </subfield>
  </datafield>
  <datafield tag="700" ind1="0" ind2="0">
   <subfield code="a">O'Neil, </subfield>
   <subfield code="h">Maryadele J. </subfield>
  </datafield>
 </record>
</collection>
